000 00591nam a22001932 4500
001 0000008926
005 20151217155836.0
008 080619s xx 000 0 eng d
020 _cKES
040 _aKABU
_cKABU
100 1 _aMatheson, Alastair.
_@0000159725
245 1 4 _aThe Tribes of Kenya :
_ba brief guide to the various African peoples of Kenya /
_cAlastair Matheson.
260 _aNairobi :
_bGovt. Printer,
_c[196?]
300 _a48 p.
650 0 _aTribes
_zKenya.
_@0000159726
908 _a080619
950 _@1
999 _c13143
_d13143